[Event "Karvina op"]
[Site "Karvina"]
[Date "2017.07.01"]
[Round "1"]
[White "Szneider, Kazimierz"]
[Black "Kolar, Stanislav"]
[Result "0-1"]
[WhiteElo "1729"]
[BlackElo "2156"]
[PlyCount "128"]
[EventDate "2017.07.01"]
[EventType "swiss"]
[EventRounds "9"]
[EventCountry "CZE"]
[SourceTitle "EXT 2018"]
[Source "ChessBase"]
[SourceDate "2017.10.13"]
[SourceVersion "1"]
[SourceVersionDate "2017.10.13"]
[SourceQuality "1"]

1. d4 Nf6 2. c4 e6 3. Nc3 Bb4 4. Qc2 c5 5. Nf3 Nc6 6. dxc5 0-0 7. e3 Bxc5 8. a3 b6 9. b4 Be7 10. Bb2 Bb7 11. Rd1 Rc8 12. Be2 a6 13. 0-0 h6 14. Qb3 Qc7 15. h3 d6 16. Rc1 Qb8 17. Rfd1 Rfd8 18. Na4 Nd7 19. Nc3 Nde5 20. Nd2 Bf8 21. Bf1 Ne7 22. Ne2 b5 23. Nd4 bxc4 24. Bxc4 Nxc4 25. Rxc4 Bd5 26. Rxc8 Rxc8 27. Qa4 Qb7 28. e4 Bxe4 29. Nxe4 Qxe4 30. Qxa6 e5 31. Nf3 Rc2 32. Bc1 Nf5 33. b5 Qc4 34. Bd2 e4 35. Ne1 Qe2 36. Nxc2 Qxd1+ 37. Be1 Qxc2 38. b6 Qc1 39. Kf1 Qc6 40. Qa7 Nd4 41. b7 Qb5+ 42. Kg1 Nc6 43. Qa8 Qb1 44. Kf1 g5 45. Qc8 Qb5+ 46. Kg1 Kg7 47. Bb4 Be7 48. Qxc6 Qxc6 49. b8Q Qc1+ 50. Kh2 Qf4+ 51. Kg1 e3 52. fxe3 Qxe3+ 53. Kf1 g4 54. Qb5 gxh3 55. gxh3 Qxh3+ 56. Kg1 Bg5 57. Kf2 Qe3+ 58. Kf1 Qf3+ 59. Ke1 d5 60. a4 Qe4+ 61. Kd1 d4 62. Qc4 Qb1+ 63. Ke2 d3+ 64. Kf2 Qc2+ 0-1

[Event "Karvina op"]
[Site "Karvina"]
[Date "2016.07.08"]
[Round "7"]
[White "Sawicki, Mikolaj"]
[Black "Szneider, Kazimierz"]
[Result "1-0"]
[WhiteElo "1987"]
[BlackElo "1716"]
[PlyCount "69"]
[EventDate "2016.07.02"]
[EventType "swiss"]
[EventRounds "9"]
[EventCountry "CZE"]
[SourceTitle "EXT 2017"]
[Source "ChessBase"]
[SourceDate "2016.10.25"]
[SourceVersion "1"]
[SourceVersionDate "2016.10.25"]
[SourceQuality "1"]

1. e4 e6 2. d3 d5 3. Nd2 c5 4. Ngf3 Nf6 5. g3 b6 6. Qe2 Be7 7. Bg2 Bb7 8. 0-0 0-0 9. e5 Nfd7 10. Re1 Qc7 11. Nf1 Re8 12. Bf4 Nf8 13. h4 Nc6 14. N1h2 Rac8 15. Ng4 Ng6 16. Bg5 Nd4 17. Nxd4 cxd4 18. Bxe7 Rxe7 19. h5 Nf8 20. Rac1 Nd7 21. Qf3 Rf8 22. Qf4 Qc5 23. Qg5 Kh8 24. Bh3 Bc8 25. Nf6 h6 26. Qf4 a5 27. Re2 Nb8 28. g4 Rc7 29. Kh1 Rd8 30. Rg1 Qe7 31. g5 Nd7 32. f3 Nxe5 33. Rxe5 hxg5 34. Rexg5 gxf6 35. Rg7 1-0

[Event "Karvina op"]
[Site "Karvina"]
[Date "2016.07.07"]
[Round "6"]
[White "Szneider, Kazimierz"]
[Black "Tyrlik, Rostislav"]
[Result "1-0"]
[WhiteElo "1716"]
[BlackElo "1428"]
[PlyCount "53"]
[EventDate "2016.07.02"]
[EventType "swiss"]
[EventRounds "9"]
[EventCountry "CZE"]
[SourceTitle "EXT 2017"]
[Source "ChessBase"]
[SourceDate "2016.10.25"]
[SourceVersion "1"]
[SourceVersionDate "2016.10.25"]
[SourceQuality "1"]

1. d4 d5 2. c4 Nf6 3. Nf3 Bg4 4. Ne5 Nbd7 5. Nxg4 Nxg4 6. cxd5 Nb6 7. e4 Nf6 8. Nc3 e6 9. dxe6 fxe6 10. Be3 Bb4 11. Qb3 Bxc3+ 12. bxc3 Qd7 13. f3 0-0 14. Be2 Kh8 15. 0-0 Rfe8 16. a4 c6 17. Rfb1 Re7 18. Bf1 h6 19. c4 Qc7 20. Rc1 Rd8 21. Rd1 Nbd7 22. c5 e5 23. a5 b6 24. axb6 axb6 25. cxb6 Qxb6 26. Qxb6 Nxb6 27. dxe5 1-0

[Event "Orlova op 13th"]
[Site "Orlova"]
[Date "2016.05.24"]
[Round "4"]
[White "Ivanovic, Marko"]
[Black "Szneider, Kazimierz"]
[Result "0-1"]
[WhiteElo "1924"]
[BlackElo "1686"]
[PlyCount "66"]
[EventDate "2016.05.21"]
[EventType "swiss"]
[EventRounds "9"]
[EventCountry "CZE"]
[SourceTitle "EXT 2017"]
[Source "ChessBase"]
[SourceDate "2016.10.25"]
[SourceVersion "1"]
[SourceVersionDate "2016.10.25"]
[SourceQuality "1"]

1. e4 e6 2. d4 d5 3. Nd2 c5 4. exd5 Qxd5 5. dxc5 Bxc5 6. Ngf3 a6 7. Bc4 Qd8 8. a4 Nf6 9. 0-0 0-0 10. Qe2 Nc6 11. c3 Qc7 12. b4 Be7 13. Bb3 Nd5 14. Bb2 Bf6 15. Ne4 Be7 16. Bc2 Rd8 17. b5 Na5 18. g3 Nc4 19. Bc1 axb5 20. Nfg5 f5 21. Qh5 Bxg5 22. Nxg5 h6 23. Nh3 bxa4 24. Re1 b5 25. g4 Nf6 26. Qh4 Nxg4 27. Bf4 e5 28. Bc1 Be6 29. Nf4 Bc8 30. Nh5 Ra6 31. h3 Nf6 32. Ng3 e4 33. f3 Ne5 0-1

[Event "Karvina op"]
[Site "Karvina"]
[Date "2015.07.01"]
[Round "5"]
[White "Szneider, Kazimierz"]
[Black "Olsar, Zdenek"]
[Result "1/2-1/2"]
[WhiteElo "1741"]
[BlackElo "1947"]
[PlyCount "21"]
[EventDate "2015.06.27"]
[EventType "swiss"]
[EventRounds "9"]
[EventCountry "CZE"]
[SourceTitle "CBM 167 Extra"]
[Source "ChessBase"]
[SourceDate "2015.09.14"]
[SourceVersion "1"]
[SourceVersionDate "2015.09.14"]
[SourceQuality "1"]

1. e4 c5 2. Nf3 d6 3. d4 cxd4 4. Nxd4 Nf6 5. f3 e5 6. Nb3 Be6 7. c4 Nbd7 8. Be3 Qc7 9. N1d2 a5 10. Rc1 a4 11. Na1 1/2-1/2

[Event "Karvina op"]
[Site "Karvina"]
[Date "2014.06.28"]
[Round "1"]
[White "Szneider, Kazimierz"]
[Black "Talla, Vladimir"]
[Result "0-1"]
[WhiteElo "1787"]
[BlackElo "2421"]
[PlyCount "36"]
[EventDate "2014.06.28"]
[EventType "swiss"]
[EventRounds "9"]
[EventCountry "CZE"]
[SourceTitle "CBM 161 Extra"]
[Source "ChessBase"]
[SourceDate "2014.08.29"]
[SourceVersion "1"]
[SourceVersionDate "2014.08.29"]
[SourceQuality "1"]

1. d4 d5 2. c4 e6 3. Nf3 Nf6 4. Nc3 Be7 5. e3 0-0 6. Bd3 c5 7. 0-0 Nc6 8. b3 b6 9. Bb2 cxd4 10. exd4 Bb7 11. cxd5 Nxd5 12. Nxd5 Qxd5 13. Bc4 Qf5 14. Bd3 Qf4 15. g3 Qd6 16. Ne5 Nxe5 17. dxe5 Qd5 18. f3 Rad8 0-1

[Event "Karvina op"]
[Site "Karvina"]
[Date "2013.07.07"]
[Round "9"]
[White "Szneider, Kazimierz"]
[Black "Horvath, Tomas"]
[Result "1-0"]
[WhiteElo "1809"]
[BlackElo "1489"]
[PlyCount "115"]
[EventDate "2013.06.29"]
[EventType "swiss"]
[EventRounds "9"]
[EventCountry "CZE"]
[SourceTitle "CBM 155 Extra"]
[Source "ChessBase"]
[SourceDate "2013.08.26"]
[SourceVersion "1"]
[SourceVersionDate "2013.08.26"]
[SourceQuality "1"]

1. d4 Nf6 2. c4 c6 3. e3 d5 4. Nf3 Bg4 5. cxd5 cxd5 6. Be2 e6 7. Nc3 Be7 8. Qb3 Qb6 9. Bb5+ Nc6 10. Ne5 Rc8 11. Bd2 0-0 12. Bxc6 bxc6 13. Qxb6 axb6 14. Na4 b5 15. Nb6 Rc7 16. a4 bxa4 17. Rxa4 Rb8 18. Ra6 Bd6 19. Nxg4 Nxg4 20. h3 Nf6 21. Na4 Ne4 22. Ba5 Re7 23. Nb6 Ree8 24. 0-0 Bc7 25. Rc1 Bxb6 26. Rxb6 Rxb6 27. Bxb6 Rc8 28. b4 Nd6 29. Ra1 Nb5 30. Bc5 f6 31. Ra6 Kf7 32. Rb6 e5 33. Rb7+ Rc7 34. Rb8 exd4 35. exd4 Ke6 36. f3 Kf5 37. Kf2 g5 38. g4+ Kg6 39. Kg3 Nc3 40. Kf2 Nd1+ 41. Ke2 Nc3+ 42. Kd2 Nb5 43. Kd3 Na3 44. Kc3 Nb5+ 45. Kb3 Rd7 46. Rc8 Rc7 47. Rb8 Rd7 48. Ka4 Nc3+ 49. Ka5 Ne2 50. Kb6 Nf4 51. Kxc6 Rg7 52. b5 Nxh3 53. Rb7 Ng1 54. Rxg7+ Kxg7 55. b6 Nxf3 56. b7 Nh2 57. Bf8+ Kg6 58. b8Q 1-0

[Event "Karvina op"]
[Site "Karvina"]
[Date "2012.07.03"]
[Round "4"]
[White "Sikora, Matous"]
[Black "Szneider, Kazimierz"]
[Result "0-1"]
[WhiteElo "1250"]
[BlackElo "1810"]
[PlyCount "72"]
[EventDate "2012.06.30"]
[EventType "swiss"]
[EventRounds "9"]
[EventCountry "CZE"]
[SourceTitle "EXT 2014"]
[Source "ChessBase"]
[SourceDate "2013.11.20"]
[SourceVersion "1"]
[SourceVersionDate "2013.11.20"]
[SourceQuality "1"]

1. e4 d6 2. d4 e5 3. dxe5 dxe5 4. Qxd8+ Kxd8 5. Nc3 c6 6. Bd3 Be6 7. Bd2 f6 8. f3 Nd7 9. Nge2 Kc7 10. Ng3 g6 11. Kf2 h5 12. h3 h4 13. Nge2 Nc5 14. Rhd1 Rd8 15. Be3 b6 16. a3 g5 17. Ng1 Nh6 18. Be2 Be7 19. Rxd8 Rxd8 20. Rd1 Nf7 21. Rxd8 Nxd8 22. Ke1 Bf7 23. Bd3 Nce6 24. Nge2 Nf4 25. Nxf4 exf4 26. Bd2 Bd6 27. Ke2 Be5 28. Be1 a5 29. Bf2 Kd6 30. Kd2 b5 31. Bg1 Be6 32. b3 Bd7 33. Nd1 Be6 34. Bf2 b4 35. axb4 axb4 36. Ke2 Bd7 0-1

[Event "Karvina op"]
[Site "Karvina"]
[Date "2012.07.02"]
[Round "3"]
[White "Szneider, Kazimierz"]
[Black "Labedz, Patrycja"]
[Result "0-1"]
[WhiteElo "1810"]
[BlackElo "2127"]
[PlyCount "54"]
[EventDate "2012.06.30"]
[EventType "swiss"]
[EventRounds "9"]
[EventCountry "CZE"]
[SourceTitle "EXT 2014"]
[Source "ChessBase"]
[SourceDate "2013.11.20"]
[SourceVersion "1"]
[SourceVersionDate "2013.11.20"]
[SourceQuality "1"]

1. d4 d5 2. c4 e6 3. Nf3 Nf6 4. Nc3 c6 5. e3 Be7 6. Bd3 Nbd7 7. 0-0 dxc4 8. Bxc4 b5 9. Bd3 a6 10. Qe2 0-0 11. Rd1 Bb7 12. Bd2 c5 13. dxc5 Bxf3 14. Qxf3 Ne5 15. Qg3 Nxd3 16. Be1 b4 17. Na4 Ra7 18. e4 Qa5 19. Rxd3 Qxa4 20. Qe3 Rc7 21. b3 Qb5 22. Rc1 Rfc8 23. Rc4 a5 24. Qd2 Rxc5 25. a4 bxa3 26. Ra4 Rc1 27. Re3 Bb4 0-1

[Event "Orlova op 9th"]
[Site "Orlova"]
[Date "2012.05.23"]
[Round "3.9"]
[White "Zimniok, Lubomir"]
[Black "Szneider, Kazimierz"]
[Result "1/2-1/2"]
[WhiteElo "2143"]
[BlackElo "1791"]
[PlyCount "105"]
[EventDate "2012.05.21"]
[EventType "swiss"]
[EventRounds "7"]
[EventCountry "CZE"]
[SourceTitle "CBM 148 Extra"]
[Source "ChessBase"]
[SourceDate "2012.06.22"]
[SourceVersion "1"]
[SourceVersionDate "2012.06.22"]
[SourceQuality "1"]

1. e4 e6 2. d4 d5 3. Nc3 Nf6 4. e5 Nfd7 5. f4 c5 6. Nf3 a6 7. Ne2 cxd4 8. Nexd4 Nc6 9. c3 Nxd4 10. cxd4 Bb4+ 11. Bd2 Qb6 12. Bxb4 Qxb4+ 13. Qd2 Qxd2+ 14. Kxd2 Nb8 15. Bd3 Nc6 16. Rac1 Bd7 17. g4 g6 18. Rhg1 h5 19. h3 0-0-0 20. Ng5 Rdf8 21. Ke3 Kb8 22. Be2 Be8 23. a3 hxg4 24. hxg4 Rh2 25. Rh1 Rfh8 26. Rxh2 Rxh2 27. Nf3 Rh3 28. Kf2 Kc7 29. Kg2 Rh8 30. Rh1 Rxh1 31. Kxh1 Kd8 32. Kg2 Ke7 33. Kg3 Na7 34. f5 exf5 35. gxf5 f6 36. Bd3 gxf5 37. Bxf5 Bh5 38. Bg4 Bxg4 39. Kxg4 Ke6 40. Kf4 Nc6 41. exf6 Kxf6 42. Ke3 Ne7 43. Kd3 Nc6 44. Nd2 Ke6 45. b4 Kd6 46. Nb3 b6 47. Kc3 Ne7 48. a4 Kc6 49. Nc1 Nf5 50. Nd3 Ng3 51. b5+ axb5 52. Ne5+ Kd6 53. axb5 1/2-1/2

[Event "IPCA Wch 10th"]
[Site "Bialystok"]
[Date "2010.06.30"]
[Round "7"]
[White "Kaydanovich, Marina"]
[Black "Szneider, Kazimierz"]
[Result "1/2-1/2"]
[WhiteElo "1852"]
[BlackElo "1898"]
[PlyCount "38"]
[EventDate "2010.06.26"]
[EventType "swiss"]
[EventRounds "9"]
[EventCountry "POL"]
[SourceTitle "EXT 2012"]
[Source "ChessBase"]
[SourceDate "2011.11.24"]
[SourceVersion "1"]
[SourceVersionDate "2011.11.24"]
[SourceQuality "1"]

1. e4 e6 2. d3 d5 3. Nd2 Nf6 4. Qe2 Be7 5. Ngf3 0-0 6. g3 b6 7. Bg2 Bb7 8. 0-0 c6 9. Re1 Re8 10. e5 Nfd7 11. Nf1 c5 12. h4 Nc6 13. c3 a5 14. h5 h6 15. N1h2 Nf8 16. d4 cxd4 17. cxd4 Ba6 18. Qd1 Rc8 19. a3 Nh7 1/2-1/2

[Event "IPCA Wch 10th"]
[Site "Bialystok"]
[Date "2010.06.27"]
[Round "2"]
[White "Relidzynski, Tadeusz"]
[Black "Szneider, Kazimierz"]
[Result "1-0"]
[WhiteElo "1941"]
[BlackElo "1898"]
[PlyCount "33"]
[EventDate "2010.06.26"]
[EventType "swiss"]
[EventRounds "9"]
[EventCountry "POL"]
[SourceTitle "EXT 2012"]
[Source "ChessBase"]
[SourceDate "2011.11.24"]
[SourceVersion "1"]
[SourceVersionDate "2011.11.24"]
[SourceQuality "1"]

1. e4 e6 2. d4 d5 3. Bd3 Nf6 4. e5 Nfd7 5. c3 c5 6. Nf3 Nc6 7. 0-0 Be7 8. a3 cxd4 9. cxd4 Qb6 10. Bc2 h6 11. Nc3 Qc7 12. Bf4 Nb6 13. Rc1 a6 14. Bb1 Bd7 15. b4 Nc4 16. Qb3 g5 17. Be3 1-0

[Event "Pszczyna op"]
[Site "Pszczyna"]
[Date "2009.07.18"]
[Round "8"]
[White "Szneider, Kazimierz"]
[Black "Szczecina, Kamil"]
[Result "1-0"]
[WhiteElo "1974"]
[BlackElo "1712"]
[PlyCount "121"]
[EventDate "2009.07.14"]
[EventType "swiss"]
[EventRounds "9"]
[EventCountry "POL"]
[SourceTitle "CBM 131 Extra"]
[Source "ChessBase"]
[SourceDate "2009.09.03"]
[SourceVersion "2"]
[SourceVersionDate "2009.09.16"]
[SourceQuality "1"]

1. d4 Nf6 2. c4 e6 3. Nc3 Bb4 4. Qb3 c5 5. dxc5 Qa5 6. Bd2 Qxc5 7. e3 a6 8. a3 Ba5 9. Qc2 Bd8 10. Nf3 d5 11. cxd5 Nxd5 12. Rc1 Nf6 13. Qd3 Nc6 14. Ne4 Qd5 15. Nxf6+ Bxf6 16. Qxd5 exd5 17. Bc3 Bxc3+ 18. Rxc3 Be6 19. Be2 0-0 20. 0-0 Rfd8 21. Rd1 Rac8 22. h3 Na5 23. Rdc1 Nc4 24. Bxc4 dxc4 25. Nd4 Bd5 26. b3 b5 27. b4 Rb8 28. f3 Rd7 29. Kf2 g6 30. Ra1 a5 31. Rb1 a4 32. Rd1 Ba8 33. Rcc1 Rdb7 34. e4 Rb6 35. Ne2 Bc6 36. Rd6 Be8 37. Rcd1 Rxd6 38. Rxd6 Kf8 39. Nc3 Ke7 40. e5 f5 41. Ke3 Bf7 42. Kd4 Be8 43. h4 Rb7 44. Nd5+ Kf7 45. e6+ Kf8 46. Ke5 Kg7 47. Nf6 Re7 48. Nxe8+ Rxe8 49. Rd7+ Kf8 50. Rxh7 Re7 51. Rh8+ Kg7 52. Rc8 Rb7 53. g4 fxg4 54. fxg4 Re7 55. g5 Rb7 56. Rc6 Re7 57. Kd6 Kf8 58. Rc5 Re8 59. Ke5 Re7 60. Kf6 Re8 61. Rc7 1-0

[Event "Wisla op"]
[Site "Wisla"]
[Date "2009.05.11"]
[Round "10"]
[White "Przybyl, Jozef"]
[Black "Szneider, Kazimierz"]
[Result "1/2-1/2"]
[WhiteElo "1940"]
[BlackElo "1974"]
[PlyCount "86"]
[EventDate "2009.05.04"]
[EventType "swiss"]
[EventRounds "11"]
[EventCountry "POL"]
[SourceTitle "EXT 2012"]
[Source "ChessBase"]
[SourceDate "2011.11.24"]
[SourceVersion "1"]
[SourceVersionDate "2011.11.24"]
[SourceQuality "1"]

1. e4 d5 2. exd5 Qxd5 3. Nc3 Qa5 4. d4 Nf6 5. Nf3 Bf5 6. Nh4 Bg6 7. Nxg6 hxg6 8. Bc4 c6 9. Qe2 e6 10. Bd2 Bb4 11. a3 Bxc3 12. Bxc3 Qg5 13. g3 Nbd7 14. h4 Qf5 15. Bd3 Qd5 16. Rg1 0-0-0 17. Bc4 Qf5 18. Bd3 Qg4 19. 0-0-0 Nb6 20. Qxg4 Nxg4 21. Be2 Nf6 22. Ba5 Rd5 23. Bxb6 axb6 24. Bc4 Rd6 25. Be2 Kc7 26. Bf3 b5 27. c3 Nd7 28. Rge1 Nb6 29. Kc2 Rhd8 30. Kc1 Nd5 31. Bxd5 Rxd5 32. f4 b6 33. Kc2 c5 34. dxc5 bxc5 35. Rxd5 Rxd5 36. Rd1 Rxd1 37. Kxd1 Kc6 38. Kd2 Kd5 39. Kd3 c4+ 40. Ke3 f6 41. Kf3 f5 42. Ke3 Kc5 43. Kf3 Kd5 1/2-1/2

[Event "Raciborz op"]
[Site "Raciborz"]
[Date "2008.01.18"]
[Round "9"]
[White "Szneider, Kazimierz"]
[Black "Smolka, Marcin"]
[Result "0-1"]
[WhiteElo "1956"]
[BlackElo "1831"]
[PlyCount "34"]
[EventDate "2008.01.12"]
[EventType "swiss"]
[EventRounds "9"]
[EventCountry "POL"]
[SourceTitle "EXT 2010"]
[Source "ChessBase"]
[SourceDate "2010.11.25"]
[SourceVersion "1"]
[SourceVersionDate "2010.11.25"]
[SourceQuality "1"]

1. d4 d5 2. c4 e6 3. Nf3 c6 4. Nc3 Nf6 5. Bg5 Nbd7 6. e3 Be7 7. Rc1 0-0 8. Bd3 dxc4 9. Bxc4 b5 10. Bd3 Bb7 11. Qe2 a6 12. 0-0 c5 13. dxc5 Bxf3 14. Qxf3 Ne5 15. Qh3 Qxd3 16. Rfd1 Qg6 17. Bf4 Nd3 0-1

[Event "Raciborz op"]
[Site "Raciborz"]
[Date "2008.01.16"]
[Round "6"]
[White "Kwiatkowski, Zygmunt"]
[Black "Szneider, Kazimierz"]
[Result "1/2-1/2"]
[WhiteElo "1603"]
[BlackElo "1956"]
[PlyCount "50"]
[EventDate "2008.01.12"]
[EventType "swiss"]
[EventRounds "9"]
[EventCountry "POL"]
[SourceTitle "EXT 2010"]
[Source "ChessBase"]
[SourceDate "2010.11.25"]
[SourceVersion "1"]
[SourceVersionDate "2010.11.25"]
[SourceQuality "1"]

1. c4 d6 2. Nc3 c6 3. g3 e5 4. Bg2 Be6 5. d3 Qd7 6. e4 Nf6 7. Nge2 Be7 8. 0-0 Bh3 9. f3 Na6 10. Be3 Nc7 11. Qd2 Bxg2 12. Kxg2 d5 13. cxd5 cxd5 14. Bg5 h6 15. Bxf6 Bxf6 16. Qc2 0-0 17. Qb3 d4 18. Nd1 Qb5 19. Qxb5 Nxb5 20. Nf2 Be7 21. a3 f6 22. Rac1 Rac8 23. f4 Bd6 24. Ng4 Rxc1 25. Rxc1 Kf7 1/2-1/2